| 000 | 01936nam a2200529 i 4500 | ||
|---|---|---|---|
| 001 | 41730 | ||
| 003 | KOSZ 005 | ||
| 005 | 20211206101217.0 | ||
| 008 | 011212s2001 pl a f |001 0 pol | ||
| 015 | _aPB 2007/12517 | ||
| 020 | _a8320426480 | ||
| 035 | _a991017410079705066 | ||
| 035 | _a(PL-WaBN)b14704328-48omnis_nlop | ||
| 035 | _ab14704328 | ||
| 035 | _a(OCoLC)749330830 | ||
| 035 | _a(PL)b0000001470432 | ||
| 035 | _a(EXLNZ-48OMNIS_NETWORK)9910490706705606 | ||
| 040 |
_aWA N _cWA N _dKOSZ 005/HR |
||
| 046 | _k2001 | ||
| 080 | _a004.42 | ||
| 080 | _a004.94 | ||
| 080 | _a519.61/.64 | ||
| 080 | _a519.21 | ||
| 100 | 1 |
_aJanicki, Aleksander _d(1946-2018) _eAutor |
|
| 245 | 1 | 0 |
_aKomputerowe metody w modelowaniu stochastycznym : _bmodele w finansach, technice i biologii, algorytmy numeryczne i statystyczne, symulacja i wizualizacja zjawisk losowych, autorski pakiet komputerowy SDE-Solver / _cAleksander Janicki, Adam Izydorczyk. |
| 260 |
_aWarszawa : _bWydawnictwa Naukowo-Techniczne, _c2001. |
||
| 300 |
_a386 s. : _bil. ; _c25 cm + _edysk optyczny (CD-ROM). |
||
| 336 |
_2rdacontent _aTekst _btxt |
||
| 337 |
_2rdamedia _aBez urządzenia pośredniczącego _bn |
||
| 337 |
_2rdamedia _aKomputer _bc |
||
| 338 |
_2rdacarrier _aWolumin _bnc |
||
| 338 |
_2rdacarrier _aDysk komputerowy _bcd |
||
| 380 | _aKsiążki | ||
| 388 | _a2001- | ||
| 504 | _aBibliogr. Indeks. | ||
| 650 | 7 |
_aAnaliza numeryczna _2DBN |
|
| 650 | 7 | _aProgramy komputerowe | |
| 650 | 7 |
_aSymulacja _2DBN |
|
| 650 | 7 |
_aProcesy stochastyczne _2DBN |
|
| 658 | _aInformatyka i technologie informacyjne | ||
| 658 | _aMatematyka | ||
| 700 | 1 |
_aIzydorczyk, Adam _d(1972- ) _eAutor |
|
| 710 | 2 |
_aWydawnictwa Naukowo-Techniczne _4pbl |
|
| 856 |
_uhttp://koha.tu.koszalin.pl/cgi-bin/koha/opac-detail.pl?biblionumber=41730 _yKatalog online BPK |
||
| 942 |
_2UKD _cKS |
||
| 999 |
_c41730 _d41730 |
||